| 000 | 00686nam a2200217 b 4500 | ||
|---|---|---|---|
| 003 | OSt | ||
| 005 | 20151204143828.0 | ||
| 008 | 000517s1999 sp | ||| ||spa | ||
| 020 | _a84-7039-838-5 | ||
| 040 | _cBMC | ||
| 082 | _a862 | ||
| 100 | 1 |
_963 _aCervantes Saavedra, Miguel _d1547-1616 |
|
| 245 | 1 | 0 |
_aDos retablos y un retablillo _cMiguel de Cervantes, Federico García Lorca; edición a cargo de Ana Herrero Riopérez |
| 260 |
_aMadrid _bCastalia _cD.L. 1999 |
||
| 300 |
_a113 p. _c19 cm |
||
| 490 | 0 |
_aCastalia prima _v6 |
|
| 650 | 2 | 4 |
_92144 _aTeatro español |
| 700 | 1 |
_aGarcía Lorca, Federico _d1898-1936 _9669 |
|
| 700 | 1 |
_aHerrero Riopérez, Ana _937565 |
|
| 942 |
_2ddc _cBK |
||
| 999 |
_c23900 _d23900 |
||